| 000 | 00915nam a22002057a 4500 | ||
|---|---|---|---|
| 005 | 20161109084018.0 | ||
| 008 | 161109b2016 mx ||||| |||| 00| 0 spa d | ||
| 020 | _a9786077083351 | ||
| 050 | 0 | 4 |
_aKK5456 _bG37 2016 |
| 245 | 0 | 0 |
_aGarantizar el principio de equidad en la contienda electoral, ¿deber de los gobiernos? : _bsentencia BVerfGE 44, 125. Tribunal Constitucional Federal de Alemania / _ccomentaristas Manuel González Oropeza, Perla Gómez Gallardo. |
| 250 | _aPrimera edición | ||
| 260 |
_aMéxico : _bTribunal Electoral del Poder Judicial de la Federación, _c2016 |
||
| 300 |
_a141 páginas ; _c22 cm. |
||
| 490 | 0 |
_aSentencias Revelantes de Cortes Extranjeras, _v4 |
|
| 651 | 7 |
_2lemb _aAlemania _xTribunales constitucionales _xSentencias |
|
| 651 | 7 |
_2lemb _aAlemania _xEleccioones |
|
| 700 | 1 |
_aGonzález Oropeza, Manuel, _ecoment. |
|
| 700 | 1 |
_aGómez Gallardo,Perla, _ecoment. |
|
| 942 |
_2lcc _cLIB |
||
| 999 |
_c121280 _d121280 |
||